Thermal environmental engineering (Record no. 13003)

000 -LEADER
fixed length control field 00498nam a2200193 4500
001 - CONTROL NUMBER
control field 13003
003 - CONTROL NUMBER IDENTIFIER
control field BD-DhUET
008 - FIXED-LENGTH DATA ELEMENTS--GENERAL INFORMATION
fixed length control field 700513s1970 njuad b 001 0 eng
020 ## - INTERNATIONAL STANDARD BOOK NUMBER
International Standard Book Number 139147217
040 ## - CATALOGING SOURCE
Original cataloging agency DLC
Transcribing agency DLC
Modifying agency BD-DhUET
082 ## - DEWEY DECIMAL CLASSIFICATION NUMBER
Classification number 697.93
Item number THR/1970
100 1# - MAIN ENTRY--PERSONAL NAME
Personal name Threlkeld, James L.
245 10 - TITLE STATEMENT
Title Thermal environmental engineering
250 ## - EDITION STATEMENT
Edition statement 2nd ed.
260 ## - PUBLICATION, DISTRIBUTION, ETC. (IMPRINT)
Place of publication, distribution, etc. New Jersey
Name of publisher, distributor, etc. Prentice-Hall
Date of publication, distribution, etc. 1970
300 ## - PHYSICAL DESCRIPTION
Extent xvi, 495 p.
Other physical details illus.
Dimensions 25 cm.
650 #0 - SUBJECT ADDED ENTRY--TOPICAL TERM
Topical term or geographic name as entry element Air Conditioning
942 ## - ADDED ENTRY ELEMENTS (KOHA)
Koha item type General Book
Holdings
Koha item type Koha normalized classification for sorting Not for loan Sublocation or collection (holding branch) Damaged status Shelving location Copy number Price effective from Withdrawn status Lost status Location (home branch) Piece designation (barcode) Koha full call number Koha date last seen Source of classification or shelving scheme Date acquired
General Book697_930000000000000_THR_1970 Central Library, BUET Circulation section12015-02-28  Central Library, BUET47970697.93/THR/19702015-02-28 2015-02-28
General Book697_930000000000000_THR_1970 Central Library, BUET Circulation section22015-02-28  Central Library, BUET55662697.93/THR/19702015-02-28 2015-02-28
General Book697_930000000000000_THR_1970 Central Library, BUET Circulation section32015-05-17  Central Library, BUET17689697.93/THR/19702015-05-17 2015-05-17
General Book697_930000000000000_THR_1970 Central Library, BUET Circulation section42015-05-17  Central Library, BUET17690697.93/THR/19702015-05-17 2015-05-17
General Book697_930000000000000_THR_1970 Central Library, BUET Circulation section52015-05-17  Central Library, BUET17691697.93/THR/19702015-05-17 2015-05-17
General Book697_930000000000000_THR_1970 Central Library, BUET Circulation section62015-05-17  Central Library, BUET17692697.93/THR/19702015-05-17 2015-05-17
General Book697_930000000000000_THR_1970 Central Library, BUET Circulation section72015-05-17  Central Library, BUET17693697.93/THR/19702015-05-17 2015-05-17
General Book697_930000000000000_THR_1970 Central Library, BUET Circulation section82015-05-17  Central Library, BUET19442697.93/THR/19702015-05-17 2015-05-17
General Book697_930000000000000_THR_1970 Central Library, BUET Circulation section92015-05-17  Central Library, BUET25333697.93/THR/19702015-05-17 2015-05-17
General Book697_930000000000000_THR_1970 Central Library, BUET Circulation section102015-05-17  Central Library, BUET25334697.93/THR/19702015-05-17 2015-05-17